[Event "55th Rubinstein Memorial-A 2019"]
[Site "Polanica-Zdroj"]
[Date "2019.08.23"]
[Round "7.26"]
[White "Michalska, Aleksandra"]
[Black "Kopica, Paulina"]
[Result "1/2-1/2"]
[WhiteElo "1792"]
[BlackElo "1932"]
[Annotator "NA"]
[PlyCount "81"]
[EventDate "2019.08.17"]
[EventType "swiss"]
[EventCountry "POL"]
[SourceTitle "playchess.com"]
[Source "ChessBase"]
[SourceQuality "1"]
[TimeControl "40/5400+30:1800+30"]

1. e4 {[%emt 0:00:00]} c5 {[%emt 0:00:00]} 2. c4 {[%emt 0:00:00]} Nc6 {[%emt 0:00:00]} 3. Nc3 {[%emt 0:00:00]} g6 {[%emt 0:00:00]} 4. Nf3 {[%emt 0:00:00]} Bg7 {[%emt 0:00:03]} 5. Be2 {[%emt 0:00:00]} e6 {[%emt 0:00:34]} 6. d3 {[%emt 0:01:01]} Nge7 {[%emt 0:01:55]} 7. Be3 {[%emt 0:01:22]} d6 {[%emt 0:03:37]} 8. d4 {[%emt 0:03:40]} cxd4 {[%emt 0:00:08]} 9. Nxd4 {[%emt 0:00:11]} a6 {[%emt 0:00:34]} 10. Qd2 {[%emt 0:03:06]} O-O {[%emt 0:02:54]} 11. h4 {[%emt 0:04:55]} d5 {[%emt 0:11:09]} 12. exd5 {[%emt 0:02:35]} exd5 {[%emt 0:00:23]} 13. cxd5 {[%emt 0:01:27]} Nxd5 {[%emt 0:03:22]} 14. Nxc6 {[%emt 0:06:24]} bxc6 {[%emt 0:02:37]} 15. Nxd5 {[%emt 0:04:32]} Qxd5 {[%emt 0:05:02]} 16. Qxd5 {[%emt 0:06:42]} cxd5 {[%emt 0:00:06]} 17. O-O-O {[%emt 0:00:53]} Be6 {[%emt 0:03:43]} 18. Kb1 {[%emt 0:01:17]} Rfc8 {[%emt 0:03:44]} 19. g4 {[%emt 0:03:35]} Rab8 {[%emt 0:13:43]} 20. Bd4 {[%emt 0:02:57]} Rb4 {[%emt 0:02:15]} 21. Bxg7 {[%emt 0:01:39]} Kxg7 {[%emt 0:00:03]} 22. Rhg1 {[%emt 0:06:07]} Rcb8 {[%emt 0:02:33]} 23. Rd2 {[%emt 0:01:04]} a5 {[%emt 0:06:10]} 24. Rg3 {[%emt 0:04:26]} f5 {[%emt 0:06:01]} 25. a3 {[%emt 0:08:23]} Rf4 {[%emt 0:09:23]} 26. f3 {[%emt 0:03:52]} Rb3 {[%emt 0:05:49]} 27. Bd1 {[%emt 0:01:19]} Re3 {[%emt 0:00:23]} 28. Rg1 {[%emt 0:02:57]} d4 {[%emt 0:10:42]} 29. Kc1 {[%emt 0:07:50]} d3 {[%emt 0:03:48]} 30. Rh2 {[%emt 0:03:49]} Bc4 {[%emt 0:01:02]} 31. Kd2 {[%emt 0:02:09]} Re7 {[%emt 0:01:21]} 32. gxf5 {[%emt 0:02:44]} Rxf5 {[%emt 0:00:07]} 33. Rg4 {[%emt 0:02:38]} Bb5 {[%emt 0:00:29]} 34. h5 {[%emt 0:01:32]} Ree5 {[%emt 0:02:00]} 35. hxg6 {[%emt 0:00:52]} hxg6 {[%emt 0:00:01]} 36. Rhg2 {[%emt 0:00:32]} Rf6 {[%emt 0:00:30]} 37. f4 {[%emt 0:01:33]} Ref5 {[%emt 0:00:48]} 38. Rg5 {[%emt 0:01:04]} Bc6 {[%emt 0:00:42]} 39. Rxf5 {[%emt 0:03:21]} Rxf5 {[%emt 0:00:05]} 40. Rg5 {[%emt 0:00:00]} Rxf4 {[%emt 0:00:00]} 41. Kxd3 {[%emt 0:01:39]} 1/2-1/2

[Event "55th Rubinstein Memorial-A 2019"]
[Site "Polanica-Zdroj"]
[Date "2019.08.23"]
[Round "7.27"]
[White "Rak, Maciej"]
[Black "Mielczarek, Daniel"]
[Result "1/2-1/2"]
[WhiteElo "1779"]
[BlackElo "1924"]
[Annotator "NA"]
[PlyCount "61"]
[EventDate "2019.08.17"]
[EventType "swiss"]
[EventCountry "POL"]
[SourceTitle "playchess.com"]
[Source "ChessBase"]
[SourceQuality "1"]
[TimeControl "40/5400+30:1800+30"]

1. e4 {[%emt 0:00:00]} c6 {[%emt 0:00:00]} 2. d4 {[%emt 0:00:01]} d5 {[%emt 0:00:00]} 3. Nc3 {[%emt 0:00:19]} dxe4 {[%emt 0:00:00]} 4. Nxe4 {[%emt 0:00:08]} Nf6 {[%emt 0:00:05]} 5. Nxf6+ {[%emt 0:00:22]} exf6 {[%emt 0:00:20]} 6. c3 {[%emt 0:00:23]} Bd6 {[%emt 0:00:58]} 7. Bd3 {[%emt 0:00:42]} O-O {[%emt 0:00:19]} 8. Qc2 {[%emt 0:00:31]} h6 {[%emt 0:00:21]} 9. Ne2 {[%emt 0:00:21]} Re8 {[%emt 0:00:20]} 10. Bd2 {[%emt 0:02:31]} Nd7 {[%emt 0:00:45]} 11. O-O-O {[%emt 0:01:33]} b5 {[%emt 0:00:30]} 12. g4 {[%emt 0:11:26]} Nb6 {[%emt 0:02:35]} 13. f3 {[%emt 0:20:57]} Be6 {[%emt 0:13:03]} 14. Kb1 {[%emt 0:05:58]} Nc4 {[%emt 0:03:15]} 15. Bc1 {[%emt 0:07:46]} Qa5 {[%emt 0:04:41]} 16. b3 {[%emt 0:01:26]} Na3+ {[%emt 0:02:45]} 17. Bxa3 {[%emt 0:00:07]} Qxa3 {[%emt 0:00:19]} 18. h4 {[%emt 0:10:23]} a5 {[%emt 0:04:47]} 19. g5 {[%emt 0:08:19]} hxg5 {[%emt 0:04:30]} 20. hxg5 {[%emt 0:02:17]} f5 {[%emt 0:00:47]} 21. Rh3 {[%emt 0:11:25]} g6 {[%emt 0:01:41]} 22. f4 {[%emt 0:07:25]} Kg7 {[%emt 0:02:09]} 23. d5 {[%emt 0:04:03]} cxd5 {[%emt 0:00:53]} 24. Bxb5 {[%emt 0:01:28]} Rh8 {[%emt 0:03:12]} 25. Rdh1 {[%emt 0:00:54]} Rxh3 {[%emt 0:02:08]} 26. Rxh3 {[%emt 0:00:00]} Rh8 {[%emt 0:00:11]} 27. Rxh8 {[%emt 0:01:25]} Kxh8 {[%emt 0:00:02]} 28. Qd2 {[%emt 0:01:02]} Qc5 {[%emt 0:00:20]} 29. Nd4 {[%emt 0:00:38]} Kg8 {[%emt 0:04:29]} 30. Kb2 {[%emt 0:00:31]} Qa3+ {[%emt 0:04:25]} 31. Kb1 1/2-1/2

[Event "55th Rubinstein Memorial-A 2019"]
[Site "Polanica-Zdroj"]
[Date "2019.08.24"]
[Round "8.1"]
[White "Goluch, Piotr"]
[Black "Warakomski, Tomasz"]
[Result "1/2-1/2"]
[WhiteElo "2418"]
[BlackElo "2497"]
[Annotator "ChessBase"]
[PlyCount "204"]
[EventDate "2019.08.17"]
[EventType "swiss"]
[EventCountry "POL"]
[SourceTitle "playchess.com"]
[Source "ChessBase"]
[SourceQuality "1"]
[TimeControl "40/5400+30:1800+30"]

1. d4 {[%emt 0:00:00]} d5 {[%emt 0:02:12]} 2. c4 {[%emt 0:00:00]} c6 {[%emt 0:00:04]} 3. Nf3 {[%emt 0:00:00]} Nf6 {[%emt 0:00:04]} 4. e3 {[%emt 0:00:00]} Bg4 {[%emt 0:00:03]} 5. Qb3 {[%emt 0:01:49]} Qb6 {[%emt 0:00:05]} 6. Ne5 {[%emt 0:00:50]} Bf5 {[%emt 0:00:04]} 7. Qxb6 {[%emt 0:01:39]} axb6 {[%emt 0:00:06]} 8. cxd5 {[%emt 0:05:41]} Nxd5 {[%emt 0:00:39]} 9. g4 {[%emt 0:01:41]} Be6 {[%emt 0:05:25]} 10. Bd2 {[%emt 0:09:15]} f6 {[%emt 0:01:47]} 11. Nd3 {[%emt 0:04:33]} Bxg4 {[%emt 0:00:14]} 12. Rg1 {[%emt 0:00:18]} Bf5 {[%emt 0:07:41]} 13. f3 {[%emt 0:01:59]} Bxd3 {[%emt 0:00:05]} 14. Bxd3 {[%emt 0:00:03]} e6 {[%emt 0:00:03]} 15. Nc3 {[%emt 0:00:04]} Nb4 {[%emt 0:05:24]} 16. Bb1 {[%emt 0:00:46]} f5 {[%emt 0:08:16]} 17. a3 {[%emt 0:00:50]} g6 {[%emt 0:00:11]} 18. Na2 {[%emt 0:00:02]} N4a6 {[%emt 0:03:02]} 19. Nc1 {[%emt 0:03:49]} Nc7 {[%emt 0:03:11]} 20. Ba2 {[%emt 0:00:40]} Nd7 {[%emt 0:03:28]} 21. Nd3 {[%emt 0:00:53]} Bg7 {[%emt 0:07:03]} 22. Nf4 {[%emt 0:04:41]} e5 {[%emt 0:05:29]} 23. dxe5 {[%emt 0:00:02]} Nxe5 {[%emt 0:06:57]} 24. Ke2 {[%emt 0:00:33]} Nd7 {[%emt 0:00:15]} 25. Rab1 {[%emt 0:02:34]} Bf6 {[%emt 0:03:11]} 26. Nh3 {[%emt 0:07:35]} O-O-O {[%emt 0:08:17]} 27. Ng5 {[%emt 0:00:41]} Bxg5 {[%emt 0:00:04]} 28. Rxg5 {[%emt 0:00:03]} Rhe8 {[%emt 0:00:06]} 29. Rgg1 {[%emt 0:23:00]} Nc5 {[%emt 0:04:43]} 30. Rgd1 {[%emt 0:11:43]} Nd5 {[%emt 0:10:06]} 31. Bxd5 {[%emt 0:00:11]} Rxd5 {[%emt 0:00:05]} 32. Bc3 {[%emt 0:00:06]} Ne6 {[%emt 0:01:35]} 33. Kf2 {[%emt 0:01:17]} Nc7 {[%emt 0:02:43]} 34. h4 {[%emt 0:00:57]} Re6 {[%emt 0:00:04]} 35. Bg7 {[%emt 0:04:33]} Kd7 {[%emt 0:02:57]} 36. Rxd5+ {[%emt 0:00:15]} Nxd5 {[%emt 0:00:04]} 37. Rd1 {[%emt 0:00:05]} Re7 {[%emt 0:03:04]} 38. Bf6 {[%emt 0:00:27]} Rf7 {[%emt 0:00:09]} 39. Bd4 {[%emt 0:00:41]} Ke6 {[%emt 0:01:31]} 40. b3 {[%emt 0:00:00]} c5 {[%emt 0:00:00]} 41. Bb2 {[%emt 0:02:12]} b5 {[%emt 0:02:14]} 42. Ke2 {[%emt 0:02:58]} Re7 {[%emt 0:02:54]} 43. h5 {[%emt 0:02:29]} Kd6 {[%emt 0:07:20]} 44. hxg6 {[%emt 0:00:13]} hxg6 {[%emt 0:00:05]} 45. Bc1 {[%emt 0:01:26]} Kc6 {[%emt 0:00:21]} 46. Rg1 {[%emt 0:01:00]} Re6 {[%emt 0:00:05]} 47. Kd3 {[%emt 0:00:15]} Rd6 {[%emt 0:04:53]} 48. Kc2 {[%emt 0:00:26]} Re6 {[%emt 0:06:22]} 49. e4 {[%emt 0:00:52]} fxe4 {[%emt 0:00:04]} 50. fxe4 {[%emt 0:00:02]} Nb6 {[%emt 0:00:04]} 51. Be3 {[%emt 0:02:21]} Nd7 {[%emt 0:00:14]} 52. Rg5 {[%emt 0:00:25]} b6 {[%emt 0:00:09]} 53. Bf4 {[%emt 0:02:08]} Nf8 {[%emt 0:01:10]} 54. Kd3 {[%emt 0:03:42]} Nd7 {[%emt 0:11:35]} 55. Rg2 {[%emt 0:01:17]} c4+ {[%emt 0:00:30]} 56. bxc4 {[%emt 0:01:09]} Nc5+ {[%emt 0:00:28]} 57. Kc3 {[%emt 0:00:42]} bxc4 {[%emt 0:00:04]} 58. Be3 {[%emt 0:00:41]} Nxe4+ {[%emt 0:01:41]} 59. Kxc4 {[%emt 0:00:36]} Nd6+ {[%emt 0:00:24]} 60. Kd3 {[%emt 0:00:05]} Nf5 {[%emt 0:00:05]} 61. Bg1 {[%emt 0:00:33]} Kb5 {[%emt 0:00:09]} 62. Rb2+ {[%emt 0:00:32]} Ka5 {[%emt 0:00:06]} 63. a4 {[%emt 0:00:41]} Ne7 {[%emt 0:01:41]} 64. Rb5+ {[%emt 0:00:13]} Ka6 {[%emt 0:00:04]} 65. Bd4 {[%emt 0:02:34]} Nc8 {[%emt 0:00:56]} 66. Kc2 {[%emt 0:03:04]} Rc6+ {[%emt 0:01:13]} 67. Kd3 {[%emt 0:02:14]} Nd6 {[%emt 0:00:18]} 68. Rb4 {[%emt 0:01:11]} Nf5 {[%emt 0:01:24]} 69. Bc3 {[%emt 0:00:22]} Rc5 {[%emt 0:03:15]} 70. Rg4 {[%emt 0:02:53]} Rc6 {[%emt 0:00:46]} 71. Be5 {[%emt 0:00:47]} Ne7 {[%emt 0:00:53]} 72. Bc3 {[%emt 0:01:45]} Rc8 {[%emt 0:01:55]} 73. Rd4 {[%emt 0:01:49]} Nf5 {[%emt 0:00:32]} 74. Rd7 {[%emt 0:01:03]} Rc6 {[%emt 0:00:36]} 75. Bd2 {[%emt 0:02:24]} Nd6 {[%emt 0:00:06]} 76. Re7 {[%emt 0:03:46]} Nb7 {[%emt 0:00:18]} 77. Be3 {[%emt 0:01:38]} Nc5+ {[%emt 0:00:38]} 78. Bxc5 {[%emt 0:00:04]} Rxc5 {[%emt 0:00:03]} 79. Re6 {[%emt 0:00:17]} g5 {[%emt 0:01:23]} 80. Rg6 {[%emt 0:00:06]} Ka5 {[%emt 0:00:37]} 81. Kd4 {[%emt 0:00:54]} Rf5 {[%emt 0:00:05]} 82. Kc3 {[%emt 0:00:31]} Rf3+ {[%emt 0:00:08]} 83. Kb2 {[%emt 0:00:40]} Rg3 {[%emt 0:00:25]} 84. Kc2 {[%emt 0:00:39]} g4 {[%emt 0:00:17]} 85. Kb2 {[%emt 0:00:04]} Rg1 {[%emt 0:01:01]} 86. Kc2 {[%emt 0:02:52]} Rg2+ {[%emt 0:00:54]} 87. Kb3 {[%emt 0:00:30]} Rg3+ {[%emt 0:00:03]} 88. Kb2 {[%emt 0:00:20]} Rg1 {[%emt 0:00:03]} 89. Kc2 {[%emt 0:00:22]} g3 {[%emt 0:01:01]} 90. Kb3 {[%emt 0:00:44]} g2 {[%emt 0:00:04]} 91. Rg5+ {[%emt 0:00:03]} b5 {[%emt 0:00:03]} 92. Kb2 {[%emt 0:00:16]} Kxa4 {[%emt 0:00:05]} 93. Rg4+ {[%emt 0:00:17]} Ka5 {[%emt 0:00:14]} 94. Rg8 {[%emt 0:00:15]} Kb6 {[%emt 0:01:01]} 95. Rg7 {[%emt 0:00:07]} Kc5 {[%emt 0:00:03]} 96. Rg8 {[%emt 0:00:03]} Kd4 {[%emt 0:01:32]} 97. Rg7 {[%emt 0:00:08]} Ke3 {[%emt 0:00:03]} 98. Rg8 {[%emt 0:00:18]} Kf3 {[%emt 0:00:04]} 99. Rf8+ {[%emt 0:00:04]} Ke4 {[%emt 0:00:07]} 100. Rg8 {[%emt 0:00:05]} b4 {[%emt 0:00:03]} 101. Rg7 {[%emt 0:00:10]} b3 {[%emt 0:00:04]} 102. Rg8 {[%emt 0:00:21]} Kf3 {[%emt 0:00:41]} 1/2-1/2

[Event "55th Rubinstein Memorial-A 2019"]
[Site "Polanica-Zdroj"]
[Date "2019.08.24"]
[Round "8.2"]
[White "Kosakowski, Jakub"]
[Black "Kozak, Antoni"]
[Result "0-1"]
[WhiteElo "2401"]
[BlackElo "2354"]
[Annotator "NA"]
[PlyCount "56"]
[EventDate "2019.08.17"]
[EventType "swiss"]
[EventCountry "POL"]
[SourceTitle "playchess.com"]
[Source "ChessBase"]
[SourceQuality "1"]
[TimeControl "40/5400+30:1800+30"]

1. d4 {[%emt 0:00:24]} Nf6 {[%emt 0:00:22]} 2. c4 {[%emt 0:00:09]} e6 {[%emt 0:00:25]} 3. Nc3 {[%emt 0:00:26]} Bb4 {[%emt 0:00:57]} 4. e3 {[%emt 0:00:43]} b6 {[%emt 0:00:33]} 5. Nge2 {[%emt 0:03:18]} c5 {[%emt 0:00:06]} 6. a3 {[%emt 0:01:04]} Ba5 {[%emt 0:00:05]} 7. Rb1 {[%emt 0:03:06]} Na6 {[%emt 0:00:07]} 8. g3 {[%emt 0:12:14]} Bb7 {[%emt 0:00:04]} 9. d5 {[%emt 0:00:06]} b5 {[%emt 0:00:01]} 10. Bg2 {[%emt 0:00:55]} bxc4 {[%emt 0:06:16]} 11. e4 {[%emt 0:01:01]} O-O {[%emt 0:00:05]} 12. O-O {[%emt 0:00:10]} exd5 {[%emt 0:00:02]} 13. exd5 {[%emt 0:00:13]} d6 {[%emt 0:08:04]} 14. Qa4 {[%emt 0:02:49]} Bxc3 {[%emt 0:08:48]} 15. bxc3 {[%emt 0:07:23]} Qc8 {[%emt 0:00:06]} 16. Bg5 {[%emt 0:26:59]} Nd7 {[%emt 0:23:05]} 17. Qxc4 {[%emt 0:05:34]} Nc7 {[%emt 0:03:06]} 18. Qg4 {[%emt 0:08:21]} Nb6 {[%emt 0:03:07]} 19. Qxc8 {[%emt 0:09:50]} Rfxc8 {[%emt 0:00:13]} 20. Rfd1 {[%emt 0:04:40]} Re8 {[%emt 0:03:21]} 21. Nc1 {[%emt 0:01:18]} Bxd5 {[%emt 0:03:54]} 22. Nb3 {[%emt 0:03:12]} Bxg2 {[%emt 0:00:34]} 23. Kxg2 {[%emt 0:00:04]} f6 {[%emt 0:02:20]} 24. Bf4 {[%emt 0:01:47]} Ncd5 {[%emt 0:00:21]} 25. Bxd6 {[%emt 0:00:14]} c4 {[%emt 0:00:25]} 26. Nd2 {[%emt 0:02:11]} Nxc3 {[%emt 0:00:09]} 27. Rxb6 {[%emt 0:00:08]} axb6 {[%emt 0:00:13]} 28. Rc1 {[%emt 0:00:04]} Ne4 {[%emt 0:00:12]} 0-1

[Event "55th Rubinstein Memorial-A 2019"]
[Site "Polanica-Zdroj"]
[Date "2019.08.24"]
[Round "8.3"]
[White "Oglaza, Oskar"]
[Black "Lewtak, Damian"]
[Result "1/2-1/2"]
[WhiteElo "2367"]
[BlackElo "2354"]
[Annotator "NA"]
[PlyCount "108"]
[EventDate "2019.08.17"]
[EventType "swiss"]
[EventCountry "POL"]
[SourceTitle "playchess.com"]
[Source "ChessBase"]
[SourceQuality "1"]
[TimeControl "40/5400+30:1800+30"]

1. d4 d5 {[%emt 0:03:03]} 2. Nf3 {[%emt 0:00:43]} e6 {[%emt 0:01:43]} 3. c4 {[%emt 0:01:28]} c6 {[%emt 0:00:04]} 4. Nc3 {[%emt 0:02:06]} f5 {[%emt 0:00:26]} 5. Ne5 {[%emt 0:03:20]} Nd7 {[%emt 0:02:23]} 6. Bf4 {[%emt 0:08:50]} Nxe5 {[%emt 0:04:02]} 7. Bxe5 {[%emt 0:00:05]} Nf6 {[%emt 0:01:38]} 8. e3 {[%emt 0:05:50]} Bb4 {[%emt 0:06:05]} 9. Bd3 {[%emt 0:07:08]} O-O {[%emt 0:02:14]} 10. O-O {[%emt 0:03:28]} a5 {[%emt 0:19:19]} 11. c5 {[%emt 0:04:10]} Bxc3 {[%emt 0:07:00]} 12. bxc3 {[%emt 0:00:29]} Rf7 {[%emt 0:00:35]} 13. Bxf6 {[%emt 0:11:14]} Qxf6 {[%emt 0:03:39]} 14. f4 {[%emt 0:00:06]} Bd7 {[%emt 0:00:44]} 15. Rb1 {[%emt 0:02:40]} Be8 {[%emt 0:02:38]} 16. Qf3 {[%emt 0:07:49]} Qh4 {[%emt 0:03:56]} 17. Rb6 {[%emt 0:12:06]} Ra7 {[%emt 0:00:55]} 18. Rb2 {[%emt 0:06:33]} Re7 {[%emt 0:00:36]} 19. g3 {[%emt 0:01:17]} Qh3 {[%emt 0:04:20]} 20. Be2 {[%emt 0:01:23]} Rd7 {[%emt 0:04:10]} 21. Kh1 {[%emt 0:04:11]} Bg6 {[%emt 0:02:46]} 22. Rfb1 {[%emt 0:02:13]} Rc7 {[%emt 0:02:02]} 23. Qg2 {[%emt 0:08:21]} Qh6 {[%emt 0:01:09]} 24. Qf3 {[%emt 0:00:20]} Qh3 {[%emt 0:00:06]} 25. Qf2 {[%emt 0:02:07]} Bh5 {[%emt 0:01:34]} 26. Bf1 {[%emt 0:00:01]} Qg4 {[%emt 0:00:06]} 27. Bg2 {[%emt 0:00:01]} Qg6 {[%emt 0:01:36]} 28. h3 {[%emt 0:00:02]} Qf7 {[%emt 0:01:40]} 29. Bf1 {[%emt 0:00:40]} Qf6 {[%emt 0:10:00]} 30. Bd3 {[%emt 0:00:20]} Rf7 {[%emt 0:00:22]} 31. Rg1 {[%emt 0:01:26]} Qh6 {[%emt 0:01:51]} 32. Qf1 {[%emt 0:00:46]} Ra8 {[%emt 0:02:59]} 33. Rh2 {[%emt 0:00:12]} Qf6 {[%emt 0:00:08]} 34. g4 {[%emt 0:01:37]} Bg6 {[%emt 0:00:06]} 35. g5 {[%emt 0:00:34]} Qd8 {[%emt 0:00:18]} 36. Qf3 {[%emt 0:01:27]} b6 {[%emt 0:00:50]} 37. cxb6 {[%emt 0:01:14]} Rb7 {[%emt 0:00:05]} 38. Rb2 {[%emt 0:00:10]} Rab8 {[%emt 0:00:38]} 39. Rgb1 {[%emt 0:00:23]} Rxb6 {[%emt 0:00:37]} 40. Qe2 {[%emt 0:00:00]} Rxb2 {[%emt 0:00:00]} 41. Rxb2 {[%emt 0:00:52]} h6 {[%emt 0:06:59]} 42. h4 {[%emt 0:04:07]} hxg5 {[%emt 0:00:26]} 43. fxg5 {[%emt 0:02:16]} Rxb2 {[%emt 0:04:56]} 44. Qxb2 {[%emt 0:00:07]} Qc7 {[%emt 0:00:04]} 45. Qh2 {[%emt 0:00:30]} Qf7 {[%emt 0:06:45]} 46. Qb8+ {[%emt 0:04:27]} Kh7 {[%emt 0:00:16]} 47. Qd6 {[%emt 0:01:15]} f4 {[%emt 0:04:03]} 48. Bxg6+ {[%emt 0:03:07]} Qxg6 {[%emt 0:00:05]} 49. exf4 {[%emt 0:02:20]} Qb1+ {[%emt 0:11:20]} 50. Kg2 {[%emt 0:00:33]} Qxa2+ {[%emt 0:04:52]} 51. Kg3 {[%emt 0:04:52]} Qc4 {[%emt 0:01:14]} 52. Qxe6 {[%emt 0:03:41]} Qxc3+ {[%emt 0:02:32]} 53. Kg4 {[%emt 0:01:19]} Qxd4 {[%emt 0:00:32]} 54. Qf5+ {[%emt 0:00:57]} g6 {[%emt 0:01:43]} 1/2-1/2

[Event "55th Rubinstein Memorial-A 2019"]
[Site "Polanica-Zdroj"]
[Date "2019.08.24"]
[Round "8.4"]
[White "Marszalek, Maciej"]
[Black "Grabarczyk, Miroslaw"]
[Result "1/2-1/2"]
[WhiteElo "2295"]
[BlackElo "2362"]
[Annotator "ChessBase"]
[PlyCount "25"]
[EventDate "2019.08.17"]
[EventType "swiss"]
[EventCountry "POL"]
[SourceTitle "playchess.com"]
[Source "ChessBase"]
[SourceQuality "1"]
[TimeControl "40/5400+30:1800+30"]

1. Nf3 {[%emt 0:00:00]} d5 {[%emt 0:00:00]} 2. c4 {[%emt 0:00:00]} e6 {[%emt 0:00:01]} 3. d4 {[%emt 0:00:13]} Nf6 {[%emt 0:00:26]} 4. g3 {[%emt 0:00:26]} Bb4+ {[%emt 0:00:21]} 5. Bd2 {[%emt 0:00:37]} Be7 {[%emt 0:00:34]} 6. Bg2 {[%emt 0:00:07]} O-O {[%emt 0:00:23]} 7. O-O {[%emt 0:00:34]} c6 {[%emt 0:00:56]} 8. Qc2 {[%emt 0:02:35]} Nbd7 {[%emt 0:00:23]} 9. Bf4 {[%emt 0:01:07]} Nh5 {[%emt 0:00:45]} 10. Bc1 {[%emt 0:00:34]} Nhf6 {[%emt 0:00:18]} 11. Bf4 {[%emt 0:02:02]} Nh5 {[%emt 0:00:38]} 12. Bc1 {[%emt 0:00:39]} Nhf6 {[%emt 0:00:10]} 13. Bf4 {[%emt 0:00:31]} 1/2-1/2

[Event "55th Rubinstein Memorial-A 2019"]
[Site "Polanica-Zdroj"]
[Date "2019.08.24"]
[Round "8.5"]
[White "Mis, Mieszko"]
[Black "Jaskolka, Tomasz"]
[Result "1-0"]
[WhiteElo "2296"]
[BlackElo "2227"]
[Annotator "NA"]
[PlyCount "83"]
[EventDate "2019.08.17"]
[EventType "swiss"]
[EventCountry "POL"]
[SourceTitle "playchess.com"]
[Source "ChessBase"]
[SourceQuality "1"]
[TimeControl "40/5400+30:1800+30"]

1. d4 {[%emt 0:00:00]} Nf6 {[%emt 0:00:00]} 2. c4 {[%emt 0:00:00]} g6 {[%emt 0:00:00]} 3. g3 {[%emt 0:00:05]} c6 {[%emt 0:00:21]} 4. Bg2 {[%emt 0:00:14]} d5 {[%emt 0:00:07]} 5. Qa4 {[%emt 0:00:34]} Bg7 {[%emt 0:01:55]} 6. cxd5 {[%emt 0:00:16]} Nxd5 {[%emt 0:01:20]} 7. Nf3 {[%emt 0:00:18]} Nb6 {[%emt 0:01:44]} 8. Qc2 {[%emt 0:00:39]} Bg4 {[%emt 0:08:03]} 9. e3 {[%emt 0:07:20]} N8d7 {[%emt 0:02:46]} 10. O-O {[%emt 0:05:33]} Bxf3 {[%emt 0:10:43]} 11. Bxf3 {[%emt 0:00:02]} e5 {[%emt 0:00:09]} 12. a4 {[%emt 0:12:58]} exd4 {[%emt 0:07:51]} 13. exd4 {[%emt 0:03:25]} O-O {[%emt 0:04:36]} 14. a5 {[%emt 0:04:57]} Nd5 {[%emt 0:05:43]} 15. Nc3 {[%emt 0:04:15]} N7f6 {[%emt 0:05:11]} 16. Nxd5 {[%emt 0:05:30]} Nxd5 {[%emt 0:01:29]} 17. Qb3 {[%emt 0:03:57]} Qd7 {[%emt 0:06:40]} 18. Rd1 {[%emt 0:01:40]} Rfe8 {[%emt 0:02:42]} 19. Kg2 {[%emt 0:09:34]} Re6 {[%emt 0:03:44]} 20. Ra4 {[%emt 0:06:34]} Rae8 {[%emt 0:10:52]} 21. Bd2 {[%emt 0:06:02]} a6 {[%emt 0:00:36]} 22. Bxd5 {[%emt 0:02:33]} cxd5 {[%emt 0:07:56]} 23. Rb4 {[%emt 0:01:28]} Re2 {[%emt 0:02:11]} 24. Bf4 {[%emt 0:05:41]} Qf5 {[%emt 0:07:20]} 25. Qd3 {[%emt 0:02:54]} R8e4 {[%emt 0:01:26]} 26. Qf3 {[%emt 0:04:13]} h5 {[%emt 0:03:53]} 27. h4 {[%emt 0:02:45]} Rc2 {[%emt 0:00:12]} 28. Be3 {[%emt 0:01:58]} Qe6 {[%emt 0:01:36]} 29. Rd3 {[%emt 0:00:40]} Qc6 {[%emt 0:01:32]} 30. Rb6 {[%emt 0:00:49]} Qc4 {[%emt 0:00:29]} 31. Rxb7 {[%emt 0:00:20]} f5 {[%emt 0:00:03]} 32. Rc3 {[%emt 0:01:18]} Rxc3 {[%emt 0:01:20]} 33. bxc3 {[%emt 0:00:01]} Qa2 {[%emt 0:00:41]} 34. Rb6 {[%emt 0:00:21]} Kh7 {[%emt 0:00:38]} 35. Rxa6 {[%emt 0:00:25]} Qc4 {[%emt 0:01:03]} 36. Ra7 {[%emt 0:00:10]} Qb5 {[%emt 0:00:13]} 37. Qd1 {[%emt 0:01:37]} Qb8 {[%emt 0:00:22]} 38. Ra6 {[%emt 0:01:31]} Qc8 {[%emt 0:00:27]} 39. Qd3 {[%emt 0:00:33]} Bf8 {[%emt 0:01:00]} 40. Ra7+ {[%emt 0:00:00]} Bg7 {[%emt 0:00:00]} 41. Qa6 {[%emt 0:00:44]} Qxc3 {[%emt 0:03:31]} 42. Qb7 {[%emt 0:00:18]} 1-0